000 01564nam a2200349 a 4500
001 000357
003 DO-SdBNP
005 20160429092746.0
007 000357
008 150130s1998 dr ac 000 0 spa d
020 _a8482610805
040 _aBPMSU
_bspa
_cBPMSU
092 _a372.257
_bR696c, 3ro. 1998
100 1 _aRodríguez Matos, A. Josefina
245 0 0 _aCiencias de la naturaleza 3 :
_beducación básica /
_cA. Josefina Rodríguez Matos, Claudia Llibre de Vargas ; dirección editorial Obdulia García de Escobar ; ilustracion Ruddy Núñez, Frank Suárez
260 _aSanto Domingo :
_bSantillana,
_c1998.
300 _a95 p. :
_bil. retrs. ;
_c28 cm.
500 _aLa biblioteca solamente posee el libro de texto.
505 1 _tLa materia --
_tSustancias tóxicas --
_tLa fuerza, el trabajo y la energía --
_tLas máquinas simples y compuestas --
_tLa energía eléctrica --
_tLos imanes --
_tEl sonido --
_tEl aparato locomotor --
_tEl aparato digestivo --
_tLa respiración --
_tLa salud y la prevención --
_tRecortable --
650 _aCIENCIAS NATURALES
_xENSEÑANZA BÁSICA
650 _aCIENCIAS NATURALES
_xEDUCACIÓN PRIMARIA
650 _aEDUCACIÓN PRIMARIA
650 _aCIENCIAS NATURALES
_zREPÚBLICA DOMINICANA
650 _aCIENCIAS NATURALES
_xLIBROS DE TEXTO
650 _aCIENCIAS NATURALES
_xESTUDIOS Y EJERCICIOS
700 1 _aLlibre de Vargas, Claudia
700 1 _aGarcía de Escobar, Obdulia
_edir. ed.
700 1 _aNúñez, Ruddy
_eil.
700 1 _aSuárez, Frank
_eil.
942 _2ddc
_cBK
956 _aYLOCKWARD
_b10
999 _c9955
_d9955